00413cam a22000977a 4500008004000000082001100040245016000051260005000211300000900261700004500270180718b1957 xxu||||| |||| 00| 0 eng d aK32x42 aRecruitment to the administrative class of the home civil service and the senior branch of the foreign servicecby Civil Service Commission, United Kingdom aLondonbHer Majesty's Stationery Officec1957 a30p. aUnited Kingdom. Civil Service Commission